Örök visszatérés

Elmentve itt :
Bibliográfiai részletek
Szerző: Halasy-Nagy József
Adatforrás:Philobibl
Forrásdokumentuma:Uj Nemzedék
1932. jan. 8., 3. p.
Dokumentumtípus: Cikk
Nyelv:magyar
LEADER 00315nab a2200109 c 4500
001 bibDOK00015764
005 20200924121031.8
008 060518s1932 hu hun
100 2 |a Halasy-Nagy József 
245 1 0 |a Örök visszatérés  |c Halasy-Nagy József 
500 |a aláírás: A.B.C. 
773 0 |t Uj Nemzedék  |g 1932. jan. 8., 3. p.